[Event "GER-chT North U16"]
[Site "Greifswald"]
[Date "2013.09.13"]
[Round "3.3"]
[White "Le Hong, Quang Anh"]
[Black "Lischeid, Kilian"]
[Result "0-1"]
[WhiteElo "1538"]
[BlackElo "1642"]
[PlyCount "112"]
[EventDate "2013.09.12"]
[EventType "team-swiss"]
[EventRounds "7"]
[EventCountry "GER"]
[SourceTitle "EXT 2014"]
[Source "ChessBase"]
[SourceDate "2013.11.20"]
[SourceVersion "1"]
[SourceVersionDate "2013.11.20"]
[SourceQuality "1"]
[WhiteTeam "Merseburg"]
[BlackTeam "Berlin Schachunion"]
[WhiteTeamCountry "GER"]
[BlackTeamCountry "GER"]

1. Nf3 Nf6 2. d4 d5 3. c4 e6 4. Nc3 c6 5. cxd5 exd5 6. e3 Bd6 7. Be2 Bf5 8. 0-0 0-0 9. a3 Nbd7 10. b4 Ne4 11. Bb2 Ndf6 12. Bd3 Ng4 13. Qc2 Re8 14. Rac1 Rc8 15. h3 Nh6 16. Rfd1 Qf6 17. Qe2 Qg6 18. Nh4 Qg5 19. Nxf5 Nxf5 20. Nxe4 dxe4 21. Bc4 Qe7 22. d5 Be5 23. dxc6 Rxc6 24. Bxe5 Qxe5 25. Qa2 Qe7 26. Bd5 Rxc1 27. Rxc1 Nd6 28. Rc5 Kf8 29. Qc2 Qe5 30. Bb3 Qa1+ 31. Qc1 Qxc1+ 32. Rxc1 Ke7 33. Kf1 Rd8 34. Rc7+ Rd7 35. Rxd7+ Kxd7 36. Bd5 Kc7 37. a4 Kb6 38. Ke2 a5 39. bxa5+ Kxa5 40. Bb3 Kb4 41. Bc2 Kc3 42. Kd1 f5 43. Kc1 b6 44. g4 fxg4 45. hxg4 g5 46. Bb1 h6 47. Ba2 Kb4 48. Bd5 Kxa4 49. Kc2 Kb4 50. f3 exf3 51. Bxf3 Nc4 52. e4 Ne5 53. Be2 Kc5 54. Kc3 b5 55. Bd1 b4+ 56. Kb3 Kd4 0-1

[Event "GER-chT U14"]
[Site "Lingen"]
[Date "2011.12.29"]
[Round "5.3"]
[White "Le Hong, Quang Anh"]
[Black "Schimnatkowski, Lukas"]
[Result "1-0"]
[WhiteElo "1309"]
[BlackElo "1338"]
[PlyCount "51"]
[EventDate "2011.12.27"]
[EventType "team-swiss"]
[EventRounds "7"]
[EventCountry "GER"]
[SourceTitle "EXT 2022"]
[Source "ChessBase"]
[SourceDate "2021.10.06"]
[SourceVersion "1"]
[SourceVersionDate "2021.10.06"]
[SourceQuality "1"]
[WhiteTeam "Merseburg U14"]
[BlackTeam "Katernberg U14"]
[WhiteTeamCountry "GER"]
[BlackTeamCountry "GER"]

1. Nf3 c5 2. e4 a6 3. d4 cxd4 4. Nxd4 Nf6 5. Nc3 e5 6. Nf3 Bb4 7. Bd3 Qc7 8. Bd2 0-0 9. 0-0 Nc6 10. a3 Bc5 11. Re1 b5 12. Nd5 Nxd5 13. exd5 Ne7 14. Nxe5 Nxd5 15. Be4 Bb7 16. Qf3 d6 17. Ng4 Qc6 18. Nf6+ Kh8 19. Bxd5 Qb6 20. Bxb7 Bxf2+ 21. Qxf2 Qxb7 22. Qh4 h6 23. Bxh6 Qb6+ 24. Kh1 gxf6 25. Qxf6+ Kg8 26. Qg7# 1-0

[Event "GER-chT U14"]
[Site "Lingen"]
[Date "2011.12.27"]
[Round "1.3"]
[White "Le Hong, Quang Anh"]
[Black "Golosnyak, Alexander"]
[Result "0-1"]
[WhiteElo "1309"]
[BlackElo "1781"]
[PlyCount "46"]
[EventDate "2011.12.27"]
[EventType "team-swiss"]
[EventRounds "7"]
[EventCountry "GER"]
[SourceTitle "EXT 2022"]
[Source "ChessBase"]
[SourceDate "2021.10.06"]
[SourceVersion "1"]
[SourceVersionDate "2021.10.06"]
[SourceQuality "1"]
[WhiteTeam "Merseburg U14"]
[BlackTeam "Brackel SF U14"]
[WhiteTeamCountry "GER"]
[BlackTeamCountry "GER"]

1. Nf3 b5 2. d4 Bb7 3. Bf4 e6 4. e3 a6 5. Bd3 f5 6. Nbd2 Nf6 7. 0-0 c5 8. c4 b4 9. Qc2 Be7 10. dxc5 Bxc5 11. e4 g6 12. exf5 gxf5 13. Rfe1 0-0 14. Nb3 Be7 15. h3 Rf7 16. Nbd4 Nc6 17. Qd2 Nxd4 18. Nxd4 Rg7 19. Bg3 Nh5 20. Ne2 Bc5 21. Kf1 Qb6 22. Ng1 Rxg3 23. fxg3 Nxg3# 0-1